|
|
|
|
| LEADER |
00000nam2a2200000 4500 |
| 001 |
34568 |
| 005 |
20231101210237.0 |
| 035 |
|
|
|a (RuTPU)RU\TPU\book\34970
|
| 035 |
|
|
|a BOOK00001621
|
| 090 |
|
|
|a 34568
|
| 100 |
|
|
|a 20011210d1970 m y0rusy50 ca
|
| 101 |
0 |
|
|a rus
|
| 102 |
|
|
|a RU
|
| 105 |
|
|
|a y j 000zy
|
| 200 |
0 |
|
|a Ч. 1 : Электроразведка постоянным током
|
| 210 |
|
|
|d 1970
|
| 215 |
|
|
|a 243 с.
|
| 461 |
|
1 |
|0 (RuTPU)RU\TPU\book\21682
|t Основной курс электроразведки
|o [учебное пособие]
|f В. К. Хмелевской
|v Ч. 1 : Электроразведка постоянным током
|d 1970-1975
|
| 606 |
1 |
|
|a Электроразведка
|x Метод
|2 stltpush
|3 (RuTPU)RU\TPU\subj\20751
|9 45832
|
| 610 |
1 |
|
|a токи постоянные
|
| 610 |
1 |
|
|a горные породы
|
| 610 |
1 |
|
|a электрические свойства
|
| 610 |
1 |
|
|a измерения
|
| 610 |
1 |
|
|a теория
|
| 610 |
1 |
|
|a электроразведочная аппаратура
|
| 610 |
1 |
|
|a устройства
|
| 610 |
1 |
|
|a полевые работы
|
| 610 |
1 |
|
|a интерпретация
|
| 675 |
|
|
|a 550.83.7(075.8)
|v 3
|
| 801 |
|
0 |
|a RU
|b 63413507
|c 20011210
|g PSBO
|
| 801 |
|
2 |
|a RU
|b 63413507
|c 20210124
|g PSBO
|
| 900 |
|
|
|a Электроразведка
|
| 900 |
|
|
|a Структурная электроразведка
|
| 942 |
|
|
|c BK
|